|
|
|
|
| LEADER |
00000nam0a2200000 4500 |
| 001 |
269755 |
| 005 |
20231101234302.0 |
| 020 |
|
|
|a RU
|b 87-35525
|
| 035 |
|
|
|a (RuTPU)RU\TPU\book\292933
|
| 090 |
|
|
|a 269755
|
| 100 |
|
|
|a 20140922d1987 km y0rusy5003 ca
|
| 101 |
0 |
|
|a rus
|
| 102 |
|
|
|a RU
|
| 105 |
|
|
|a a z 000zy
|
| 200 |
1 |
|
|a Организация и управление наукой и техникой
|f Б. Ф. Зайцев
|
| 210 |
|
|
|a Москва
|c Прогресс
|d 1987
|
| 215 |
|
|
|a 292 с.
|c ил.
|
| 606 |
1 |
|
|a Наука
|2 stltpush
|3 (RuTPU)RU\TPU\subj\45070
|9 64332
|
| 606 |
1 |
|
|a Технический прогресс
|y СССР
|y Россия
|2 stltpush
|3 (RuTPU)RU\TPU\subj\60126
|9 77615
|
| 610 |
1 |
|
|a социалистические страны
|
| 610 |
1 |
|
|a техника
|
| 610 |
1 |
|
|a управление
|
| 610 |
1 |
|
|a организация
|
| 610 |
1 |
|
|a научные организации
|
| 610 |
1 |
|
|a научные учреждения
|
| 610 |
1 |
|
|a финансирование
|
| 610 |
1 |
|
|a новая техника
|
| 610 |
1 |
|
|a внедрение
|
| 610 |
1 |
|
|a СЭВ
|
| 610 |
1 |
|
|a научные исследования
|
| 610 |
1 |
|
|a научные работники
|
| 610 |
1 |
|
|a международные организации
|
| 675 |
|
|
|a 62.001.7(47+57)
|z rus
|v 3
|
| 686 |
|
|
|a Ч21
|v LBC/SL-A
|2 rubbk
|
| 702 |
|
1 |
|a Зайцев
|b Б. Ф.
|g Борис Федорович
|4 070
|
| 801 |
|
0 |
|a RU
|b RuMRKP
|c 19950417
|g psbo
|
| 801 |
|
1 |
|a RU
|b 63413507
|c 20140922
|
| 801 |
|
2 |
|a RU
|b 63413507
|c 20170303
|g RCR
|
| 942 |
|
|
|c BK
|